|
|
|
|
| LEADER |
01582nam a2200385 a 4500 |
| 001 |
EBC1344549 |
| 003 |
MiAaPQ |
| 005 |
20200520144314.0 |
| 006 |
m o d | |
| 007 |
cr cn||||||||| |
| 008 |
130831s2014 enk sb 001 0 eng d |
| 020 |
|
|
|z 9780415626095
|
| 020 |
|
|
|z 9780415626101
|
| 020 |
|
|
|a 9780203102916 (electronic bk.)
|
| 035 |
|
|
|a (MiAaPQ)EBC1344549
|
| 035 |
|
|
|a (Au-PeEL)EBL1344549
|
| 035 |
|
|
|a (CaPaEBR)ebr10747195
|
| 035 |
|
|
|a (CaONFJC)MIL510474
|
| 035 |
|
|
|a (OCoLC)855970236
|
| 040 |
|
|
|a MiAaPQ
|c MiAaPQ
|d MiAaPQ
|
| 050 |
|
4 |
|a HD60
|b .S5854 2014
|
| 082 |
0 |
4 |
|a 361.2/5
|2 23
|
| 245 |
0 |
0 |
|a Social enterprise
|h [electronic resource]
|b accountability and evaluation around the world /
|c edited by Simon Denny and Fred Seddon.
|
| 260 |
|
|
|a Oxfordshire, England ;
|a New York :
|b Routledge,
|c c2014.
|
| 300 |
|
|
|a 1 online resource (xvi, 252 p.)
|
| 504 |
|
|
|a Includes bibliographical references at the end of each chapters and index.
|
| 533 |
|
|
|a Electronic reproduction. Ann Arbor, MI : ProQuest, 2015. Available via World Wide Web. Access may be limited to ProQuest affiliated libraries.
|
| 588 |
|
|
|a Description based on online resource; title from title page (ebrary, viewed August 31, 2013).
|
| 650 |
|
0 |
|a Social entrepreneurship.
|
| 650 |
|
0 |
|a Social responsibility of business.
|
| 655 |
|
4 |
|a Electronic books.
|
| 700 |
1 |
|
|a Denny, Simon
|c (Professor of entrepreneurship)
|
| 700 |
1 |
|
|a Seddon, Frederick A.
|
| 710 |
2 |
|
|a ProQuest (Firm)
|
| 856 |
4 |
0 |
|u https://ebookcentral.proquest.com/lib/matrademy/detail.action?docID=1344549
|z Click to View
|